Régions Françaises par Département - Statistiques

Statistiques générales
  • Ce quiz a été pris 923 fois
    509 depuis la dernière actualisation
  • Le résultat moyen est 10 sur 13
Statistiques - réponses
Hint Réponse % Correct
Haute-Corse, Corse-du-Sud Corse
94%
Essonne, Hauts-de-Seine, Paris, Seine-Saint-Denis, Saint-et-Marne, Val-d'Oise, Val-de-Marne, Yvelines Île-de-France
92%
Côtes-d'Armor, Finistère, Ille-et-Vilaine, Morbihan Bretagne
89%
Aisne, Nord, Oise, Pas-de-Calais, Somme Hauts-de-France
87%
Alpes-Maritimes, Alpes-de-Haute-Provence, Bouches-du-Rhône, Hautes-Alpes, Var, Vaucluse Provence-Alpes-Côte d'Azur
81%
Ardennes, Aube, Bas-Rhin, Haut-Rhin, Haute-Marne, Marne, Meurthe-et-Moselle, Meuse, Moselle, Vosges Grand Est
79%
Calvados, Eure, Manche, Orne, Seine-Maritime Normandie
79%
Ain, Allier, Ardèche, Cantal, Drôme, Haute-Loire, Haute-Savoie, Isère, Loire, Lyon Metropolis, Puy-du-Dôme, Rhône, Savoie Auvergne-Rhône-Alpes
78%
Charente, Charente-Maritime, Corrèze, Creuse, Deux-Sèvres, Dordogne, Gironde, Haute-Vienne, Landes, Lot-et-Garonne, Pyrénées-Atlantiques, Vienne Nouvelle-Aquitaine
75%
Loire-Atlantique, Maine-et-Loire, Mayenne, Sarthe, Vendée Pays de la Loire
74%
Ariège, Aude, Aveyron, Gard, Gers, Haute-Garonne, Haute-Pyrénées, Hérault, Lot, Lozère, Pyrénées-Orientales, Tarn, Tarn-et-Garonne Occitanie
72%
Cher, Eure-et-Loir, Indre, Indre-et-Loire, Loir-et-Cher, Loiret Centre-Val de Loire
70%
Côte-d'Or, Doubs, Haute-Saône, Jura, Nièvre, Saône-et-Loire, Territoire de Belfort, Yonne Bourgogne-Franche-Comté
69%
Aucun quiz correspondant
Distribution des résultats
% des personnes avec chaque résultat
Percentile par nombre de réponses
Votre historique - résultats
Vous n’avez pas pris ce quiz depuis la dernière actualisation